00805nam a2200205 a 450000100100000000500170001000800410002704000250006808200170009310000250011024500630013526000490019830000200024765000430026765000310031004900090034195201140035095201200046499900150058400000915620240412074210.0090928s19uu dr 000 p spa d aDO-SdBNPbspacBNPHU aRD861bA162m1 aAbreu, Noe A.92382510aMapa litrerario de San Juan de la Maguana /cNoe A. Abreu. aSanto Domingo :bEducativa Dominicana,c190? a34 p. ;c22 cm. 4aPoesía histórica dominicana923574 0aLiteratura dominicana.967 aBNPD 0010718PDaPDbPDcCTd2009-09-28iLF1l0oRD861 A162mp9156-10r2020-06-25w2020-06-25yLFPDZNo se presta 0010718PDaPDbPDcCTd2009-09-28iLF1l0oRD861 A162mp9156-20r2020-06-25te. 2w2020-06-25yLFPDZNo se presta c8920d8920